Statistics for Fast typing: 50 words

Click here to take the quiz!

General Stats

  • This quiz has been taken 73 times
  • The average score is 19 of 50

Answer Stats

Answer% Correct
ComeCome
100%
SubmitSubmit
95%
AirportAirport
92%
ConditionerConditioner
89%
VanVan
84%
EverestEverest
81%
NovemberNovember
76%
YellYell
76%
CelebrationCelebration
73%
YellowYellow
73%
MicrophoneMicrophone
70%
PineapplePineapple
70%
LotionLotion
68%
ScientistScientist
62%
JapaneseJapanese
54%
LongLong
54%
WatermelonWatermelon
54%
GraphicGraphic
51%
RiverRiver
49%
DeclineDecline
46%
WorkingWorking
46%
HighHigh
43%
ElegantElegant
41%
ShoeShoe
41%
LionLion
38%
LittleLittle
38%
BalloonBalloon
35%
PuppyPuppy
35%
GladGlad
32%
InternetInternet
22%
ShipShip
22%
StormStorm
16%
HousekeeperHousekeeper
11%
LightningLightning
11%
CarrotCarrot
8%
FrighteningFrightening
8%
SafariSafari
8%
CanadaCanada
3%
KetchupKetchup
3%
CaterpillarCaterpillar
0%
CometComet
0%
DetailDetail
0%
EggEgg
0%
FreezerFreezer
0%
IcecreamIcecream
0%
ImageImage
0%
JupiterJupiter
0%
ReindeerReindeer
0%
ShepSheep
0%
TapeTape
0%

Score Distribution

Percentile by Number Answered

Percent of People with Each Score

Your Score History

You have not taken this quiz